书目信息 |
| 题名: |
超越
|
|
| 作者: | ;上海文艺出版社 编辑 | |
| 分册: | ||
| 出版信息: | 上海 上海文艺出版社 1988.2 |
|
| 页数: | 393页 | |
| 开本: | 20cm | |
| 丛书名: | ||
| 单 册: | ||
| 中图分类: | B505 | |
| 科图分类: | ||
| 主题词: | 哲学--欧洲--现代 | |
| 电子资源: | ||
| ISBN: | 7-5321-0077-4 | |
| 000 | 00698nam0 2200217 45 | |
| 001 | 0188009095 | |
| 005 | 20060320145705.01 | |
| 010 | @a7-5321-0077-4@dCNY2.60 | |
| 020 | @aCN@b88009095 | |
| 100 | @a19910415d1988 km y0chiy0120 ea | |
| 101 | 0 | @achi |
| 102 | @aCN@b310000 | |
| 105 | @ay z 000yy | |
| 200 | 10 | @a超越@Achao yue@e挑战与应战@Etiao zhan yu ying zhan@e现代西方文化十二讲@Exian dai xi fang wen hua shi er jiang@f上海文艺出版社编辑@Fshang hai wen yi chu ban she bian ji |
| 210 | @a上海@c上海文艺出版社@d1988.2 | |
| 215 | @a393页@d20cm | |
| 606 | 0 | @a哲学@x欧洲@x现代 |
| 690 | @aB505@v3 | |
| 711 | 02 | @a上海文艺出版社@4编辑 |
| 801 | 0 | @aCN@bNLC@c20060320 |
| 905 | @dB505@e23@f1@b217415 | |
| 超越:挑战与应战:现代西方文化十二讲/上海文艺出版社编辑.-上海:上海文艺出版社,1988.2 |
| 393页;20cm |
| ISBN 7-5321-0077-4:CNY2.60 |
| ● |
| 相关链接 |
|
|
|
|
正题名:超越
索取号:B505/23
 
预约/预借
| 序号 | 登录号 | 条形码 | 馆藏地/架位号 | 状态 | 备注 |
| 1 | 0217413 | 000517694 | 第一样本阅览室/ [索取号:B505/23] | 在馆 | |
| 2 | 0217414 | 202216707 | 密集书库/ [索取号:B505/23] | 在馆 | |
| 3 | 0217415 | 002049385 | 第一样本阅览室/ [索取号:B505/23] | 在馆 |